Statistics for All Tyga Songs

Click here to take the quiz!

General Stats

  • This quiz has been taken 32 times
    (6 since last reset)
  • The average score is 75 of 463

Answer Stats

AlbuSong% Correct
Fan of a Fan: The AlbumAyo
80%
Fan of a Fan: The AlbumB***hes N Marijuana
80%
Fuk Wat They Talkin BoutIce Cream Man
80%
Careless World: Rise of the Last KingRack City
80%
Fan of a Fan: The AlbumD.G.I.F.U.
60%
LegendaryDip
60%
No Introduction - The Series: May 10thF**kem
60%
Single #17Freak
60%
LegendaryGirls Have Fun
60%
Fan of a Fan: The AlbumGirl You Loud
60%
LegendaryHaute
60%
Single #3Hookah
60%
Fan of a Fan: The AlbumI Bet
60%
Rawwest N***a AliveJuicy
60%
LegendaryLegendary
60%
LegendaryLightskin Lil Wayne
60%
Fan of a Fan: The AlbumLights Out
60%
Careless World: Rise of the Last KingMuthaf**ka Up
60%
LegendarySwish
60%
LegendaryTaste
60%
B***hImTheSh*t21 of 1
40%
Hotel California500 Degrees
40%
Single #29Ay Caramba
40%
Single #15Ayy Macarena
40%
Fan of a Fan: The AlbumBanjo
40%
Fan of a Fan: The AlbumBetter
40%
Single #31Booty Dancer
40%
LegendaryBop
40%
#B***hImTheSh*tBouncin' on My Dick
40%
Fuk Wat They Talkin BoutBu$$in Out Da Bag
40%
Fan of a Fan: The AlbumBunkin'
40%
Fuk Wat They Talkin BoutClarity
40%
Hotel California | The PotentialDad's Letter
40%
Well Done 4Day 1
40%
Fuk Wat They Talkin BoutDeath Row Chain
40%
Well Done 3Do My Dance
40%
Hotel CaliforniaDon't Hate the Playa
40%
Hotel CaliforniaDope
40%
Careless World: Rise of the Last KingFaded
40%
Careless World: Rise of the Last KingFar Away
40%
LegendaryFebruary Love
40%
Outraged & UnderageF**k It Up
40%
Single #26Freaky Deaky
40%
Hotel CaliforniaGet Loose
40%
Hotel CaliforniaGet Rich
40%
Fuk Wat They Talkin BoutGlitta
40%
Hotel CaliforniaHijack
40%
Hotel CaliforniaHit 'Em Up
40%
Single #20Ibiza
40%
Careless World: Rise of the Last KingI'm Gone
40%
#B***hImTheSh*tIn This Thang
40%
Fan of a Fan: The AlbumIt's Yo Sh*t
40%
Music from "Sponge on the Run"Krabby Step
40%
Single #13Light It Up
40%
Carte BlancheLoco Contigo
40%
LegendaryMade Me
40%
#B***hImTheSh*t | Careless World: Rise of the Last KingMake It Nasty
40%
Single #8Make It Work
40%
Single #14Mamacita
40%
Fuk Wat They Talkin BoutMaster $uite
40%
Hotel CaliforniaMolly
40%
Single #22Money Mouf
40%
B***hImTheSh*t2Move to L.A.
40%
Single #25Mrs. Bubblegum
40%
Single #32Nasty
40%
Fan of a Fan: The AlbumNothin' Like Me
40%
#B***hImTheSh*tOrgasm
40%
#B***hImTheSh*tPop It
40%
Fuk Wat They Talkin BoutRap $tar
40%
Fan of a Fan: The AlbumReal One
40%
Black Thoughts | Fan of a Fan: The AlbumRemember Me
40%
Fan of a Fan: The AlbumShe Goin' Up
40%
Single #23Splash
40%
Hotel California | Well Done 3Switch Lanes
40%
KyotoTemperature
40%
LegendaryToo Many
40%
Fuk Wat They Talkin Bout$upawifey
40%
Single #33West Coast Weekend
40%
Fan of a Fan: The AlbumWestside
40%
Fan of a Fan: The AlbumWrong in the Right Way
40%
Well Done 4Young Kobe
40%
B***hImTheSh*t2100's
20%
Single #740 Mill
20%
Rawwest N***a Alive4Life
20%
The Gold Album: 18th Dynasty4 My Dawgs
20%
Single #11Act Ghetto
20%
Fuk Wat They Talkin BoutA Voice 4rm Heaven Pt. 1 : 2Pac
20%
Fuk Wat They Talkin BoutA Voice 4rm Heaven Pt. 2 : Michael Jackson
20%
The PotentialAwesome
20%
Black Thoughts 2Bad B***hes
20%
#B***hImTheSh*tBad B***hes (Remix)
20%
Rawwest N***a AliveBaller Alert
20%
We Are Young MoneyBedRock
20%
B***hImTheSh*t2Bel Air
20%
#B***hImTheSh*tB***h Betta Have My Money
20%
The Free AlbumB***hes Talk
20%
#B***hImTheSh*tB***h I'm the Sh*t
20%
Careless World: Rise of the Last KingBirdman Interlude
20%
Careless World: Rise of the Last KingBlack Crowns
20%
The Gold Album: 18th DynastyBloodline
20%
Single #18Bored in the House
20%
KyotoBoss Up
20%
The Free AlbumBow Down Freestyle
20%
Single #36BUTTERFLY COUPE
20%
No Introduction - The Series: May 10thCalifornia Love
20%
Outraged & UnderageCali Love
20%
Fuk Wat They Talkin Bout$candal
20%
Careless World: Rise of the Last KingCareless World
20%
Single #9Cash Money
20%
Careless World: Rise of the Last KingCelebration
20%
B***hImTheSh*t2Chandeliers
20%
KyotoCome and Ball wit Me
20%
The PotentialCut My Check
20%
Fan of a FanDeuces
20%
The PotentialDiddy Bop
20%
Hotel CaliforniaDiss Song
20%
Careless World: Rise of the Last KingDo It All
20%
Fuk Wat They Talkin BoutDon't C Me Comin'
20%
Black Thoughts 2Don't Wake Me Up
20%
Rawwest N***a AliveDope'd Up
20%
The Gold Album: 18th DynastyDown for a Min
20%
Black Thoughts 2Drink the Night Away
20%
Hotel CaliforniaDrive Fast, Live Young
20%
Careless World: Rise of the Last KingEchoes Interlude
20%
Hotel CaliforniaEnemies
20%
Single #6Erryday
20%
Rawwest N***a Alive$ervin Dat Raww
20%
Rawwest N***a AliveEverybody Eat$
20%
The PotentialEvery Girl
20%
B***hImTheSh*t2Eyes Closed
20%
KyotoFaithful
20%
Single #30Fantastic
20%
B***hImTheSh*t2Feel Me
20%
Black Thoughts 2First Time
20%
#B***hImTheSh*tF**k with You
20%
B***hImTheSh*t2Flossin
20%
LegendaryFloss in the Bank
20%
Bugatti RawwForever On Fire
20%
Careless World: Rise of the Last KingFor the Fame
20%
Hotel CaliforniaFor the Road
20%
#B***hImTheSh*tGet Gnarley
20%
Well Done 3Girls & Guitars
20%
The Gold Album: 18th DynastyGod Talk
20%
B***hImTheSh*t2Gone Too Far
20%
Bugatti RawwGood or Bad
20%
Rawwest N***a AliveHappy Birthday
20%
KyotoHard2Look
20%
The Gold Album: 18th DynastyHard for You
20%
#B***hImTheSh*tHeisman
20%
#B***hImTheSh*tHeisman Part 2
20%
Bugatti RawwHello I'm Ballin'
20%
KyotoHoldin On
20%
The Gold Album: 18th DynastyHollywood N***az
20%
No IntroductionHorrifyin Man
20%
KyotoHot Soup
20%
The PotentialHow Would You Like
20%
Black Thoughts 2Hypnotized
20%
Rawwest N***a AliveI $mile, I Cry
20%
Fan of a FanI'm On It
20%
KyotoI Need a Girl, Pt. 3
20%
Fuk Wat They Talkin BoutInterlude: Broke&Bitter.com
20%
Rawwest N***a AliveInterlude: Missed Call
20%
Rawwest N***a AliveInterlude: Peanut Heads
20%
Black Thoughts 2Involved
20%
Hotel CaliforniaIt Neva Rains
20%
KyotoJa Rule & Ashanti
20%
Hot PinkJuicy (Remix)
20%
The Free AlbumJust Lean
20%
The Free AlbumJust Wanna Hit
20%
KyotoKing of the Jungle
20%
Careless World: Rise of the Last KingKing & Queens
20%
Careless World: Rise of the Last KingLay You Down
20%
KyotoLeather in the Rain
20%
Careless World: Rise of the Last KingLet It Show
20%
Single #27Lifetime
20%
Careless World: Rise of the Last KingLight Dreams
20%
Fan of a FanLike a Virgin Again
20%
Golden HourLike It Is
20%
Careless World: Rise of the Last KingLil Homie
20%
Bugatti RawwLil Porsche
20%
Careless World: Rise of the Last KingLove Game
20%
#B***hImTheSh*tMack Down
20%
No Introduction | The Free AlbumMagical Flow
20%
LegendaryMaykherkhum
20%
Bugatti RawwMercedes Baby
20%
Hotel CaliforniaM.O.E.
20%
Black Thoughts 2Moving Backwards
20%
The Gold Album: 18th DynastyMuh F***ka
20%
The PotentialMy Glory
20%
Single #12My Way
20%
Bugatti RawwNasty Nasty
20%
Bugatti RawwN***a wit Money
20%
Black Thoughts 2Never Be the Same
20%
Well Done 3No Luck
20%
Legendary | Young on ProbationOn Me
20%
Well Done 3Out This B***h
20%
Hotel CaliforniaPalm Trees
20%
LegendaryPenthouse in Miami
20%
The Free AlbumPhantom Talk
20%
Single #34PLATINUM
20%
B***hImTheSh*t2Playboy
20%
The Gold Album: 18th DynastyPleazer
20%
Careless World: Rise of the Last KingPotty Mouth
20%
The Gold Album: 18th DynastyPure Luxury
20%
The Free AlbumRaw
20%
Single #5Real Deal
20%
Black Thoughts 2Real or Fake
20%
Black Thoughts 2Real Tonight
20%
The PotentialRIP Dolla
20%
Rawwest N***a AliveRumorz
20%
B***hImTheSh*t2Run It Back
20%
The Free AlbumSee GED
20%
Young Money: Rise of an EmpireSenile
20%
The Gold Album: 18th DynastyShaka Zulu
20%
Single #28Sheikh Talk
20%
The Free AlbumShout Outs
20%
Hotel CaliforniaShow You
20%
Bugatti RawwSign Up
20%
KyotoSip a Lil
20%
The Free AlbumSippin' Coconut Juice
20%
B***hImTheSh*t2Ski on the Slope
20%
LegendarySlidin
20%
The PotentialSlow It Down
20%
The Gold Album: 18th DynastySpitfire
20%
LegendaryStash
20%
Bugatti RawwStay in School
20%
Careless World: Rise of the Last KingStill Got It
20%
The PotentialStop Accusing
20%
Black Thoughts 2Storm
20%
The Free AlbumSupermodel Baby
20%
The Free AlbumSwagger Like Wentz
20%
Bugatti RawwTequila Kisses
20%
B***hImTheSh*t2Teterboro Flow
20%
Rawwest N***a AliveThe Feelin'
20%
The Free AlbumThe Free Album
20%
The PotentialThe Potential
20%
Careless World: Rise of the Last KingThis Is Like
20%
Well Done 4Throw It Up
20%
Fuk Wat They Talkin Bout$timulated
20%
LegendaryToo Much
20%
KyotoTrain 4 This
20%
Single #21Trap Pea
20%
Single #10Trap Pussy
20%
The Free AlbumT.Y.G.A.M.A.N.
20%
The PotentialTyzilla
20%
KyotoU Cry
20%
Single #19Vacation
20%
LegendaryVibrate
20%
Single #2Wait for a Minute
20%
Well Done 4Wake Up In It
20%
The PotentialWassup (All Love)
20%
LegendaryWerkkkk
20%
Black Thoughts 2We Up
20%
The Gold Album: 18th DynastyWham
20%
The Free AlbumWhat Them Girls Like Freestyle
20%
Single #24What U Want
20%
The PotentialWhere Am I
20%
Well Done 3Wish
20%
Black ThoughtsYoung Money
20%
Rawwest N***a Alive$yrup
20%
Black Thoughts09 Until
0%
Rawwest N***a Alive10 Million $ Mortgage
0%
No Introduction2 AM
0%
18795 Like Dat
0%
No IntroductionAIM
0%
Fan of a FanAin't Thinkin' 'Bout You
0%
187All Gold Everything (Freestyle)
0%
Slaughter HouseA Milli
0%
Slaughter HouseA Milli (Remix)
0%
The Free AlbumAverage Man
0%
Well Done 3Ayye B***h
0%
Well Done 4Back 2 Basics
0%
Young Money: Rise of an EmpireBack It Up
0%
Fan of a FanBallin
0%
Well Done 4Bang Out
0%
Young on ProbationBay to LA
0%
Black ThoughtsBetter Day
0%
Well Done 2B***hes Ain't Sh*t
0%
Rich GangBigger Than Life
0%
Single #35BIRTHDAY
0%
Well DoneBlack and Yellow
0%
Slaughter HouseBlack Bride
0%
Black ThoughtsBlack Thoughts
0%
No Introduction - The Series: April 10Bless You
0%
Well DoneB.M.F
0%
The PotentialBonus Track
0%
Outraged & UnderageBreaktime
0%
Black ThoughtsBreak Up
0%
Well Done 2Bring It Back
0%
No Introduction - The Series: May 10thBullsh*t
0%
Young on ProbationCan I Live
0%
Well DoneCant Be Friends
0%
No IntroductionCartoonz
0%
B***hImTheSh*t2Cash Splash NASA
0%
No Introduction - The Series: April 10Christmas Story
0%
Outraged & UnderageCircus Souvenir
0%
187Clique/F**kin' Problem
0%
No IntroductionCoconut Juice
0%
Slaughter HouseCoconut Juice (Remix)
0%
Outraged & UnderageCuts Up
0%
#B***hImTheSh*tDancin' 4 Dollars
0%
Well Done 3Designer
0%
No IntroductionDiamond Life
0%
Well Done 3Diced Pineapples
0%
Young on ProbationDJ Rush Intro
0%
Young on ProbationDollas Out
0%
No IntroductionDon't Regret It Now
0%
No Introduction - The Series: May 10thDrivin' Down the Block Freestyle
0%
Fan of a FanDrop Top Girl
0%
B***hImTheSh*t2ドウカテイ (Ducati)
0%
No IntroductionEst. (80's Baby)
0%
No Introduction - The Series: April 10Exquisite
0%
Slaughter HouseFamous
0%
We Are Young MoneyFinale
0%
No Introduction - The Series: May 10thFinal Stacks on Deck
0%
No Introduction - The Series: May 10thFingerprints
0%
No IntroductionFirst Timers
0%
187F**kin Crack
0%
Outraged & UnderageF**k It Up Skit
0%
No Introduction - The Series: May 10thFly Definition
0%
Rich GangFly Rich
0%
Slaughter HouseFoolish
0%
Young on ProbationFukkem
0%
Rawwest N***a AliveGCU$I
0%
Well DoneGet Big
0%
Well Done 3Get Her Tho
0%
Slaughter HouseGet Silly
0%
No Introduction - The Series: April 10Get with This
0%
LegendaryGodd**n
0%
Young on ProbationGo Loco
0%
Well Done 4 | Young Money: Rise of an EmpireGood Day
0%
No Introduction - The Series: April 10Google Me Remix
0%
Slaughter HouseGoon to a Goblin
0%
No Introduction - The Series: May 10thGrab the Mic
0%
Young on ProbationGreatest
0%
Fan of a FanG-Shit
0%
Well DoneHard in the Paint
0%
Fan of a FanHave It
0%
Black ThoughtsHeaven or Hell
0%
No Introduction - The Series: May 10thHere You Go
0%
Young on ProbationHigh School Star
0%
Fan of a FanHolla at Me
0%
No IntroductionI Am
0%
Black ThoughtsIce Cream Paintjob
0%
Black ThoughtsI Don't Think So
0%
187I'm Different
0%
Well Done 2I'm on One
0%
Fan of a FanI'm So Raw
0%
Slaughter HouseI'm Young Money
0%
Slaughter HouseIncredible
0%
Fan of a FanIntro
0%
Well Done 3I Remember
0%
Young on ProbationI Run the Block
0%
Slaughter HouseKeep Ya Head Up
0%
Black ThoughtsKill Tonight
0%
Well Done 3King Company
0%
No Introduction - The Series: April 10Knock Yaself Out Freestyle
0%
Rawwest N***a AliveKnowUrSelf
0%
Outraged & UnderageLa La La Boom
0%
Black Thoughts 2Lap Dance
0%
Young on ProbationLet's Talk It Over
0%
Well DoneLike Me
0%
SingleLike Whaaat (Remix)
0%
Outraged & UnderageLive Forever
0%
Young on ProbationLook in Ya Eyes
0%
Well Done 2LovaGain
0%
LegendaryLove to F**k
0%
187Love T-Raww
0%
187Luv Dem
0%
No Introduction - The Series: May 10thMake a List
0%
Well DoneMake It Rain (Remix)
0%
Fan of a FanMake Love
0%
Well Done 4Maniac
0%
Well DoneMaybe
0%
No Introduction - The Series: May 10thMexican Bar
0%
Fan of a FanMiddle
0%
Well DoneMirror
0%
Well Done 2Money and Liquor
0%
Fan of a FanMovin 2 Fast
0%
Careless World: Rise of the Last KingMystic Mado Kara Mieru Interlude
0%
Young on ProbationMy Swagg So Crazy
0%
B***hImTheSh*t2Nann N***a
0%
Fan of a FanNo Bullsh*t
0%
Fan of a FanNumber One
0%
Slaughter HouseO.B.A.M.A.
0%
Young Money: Rise of an EmpireOne Time
0%
Outraged & UnderageOutraged & Underage Intro
0%
Fan of a Fan | Young on ProbationOutro
0%
No Introduction - The Series: April 10Pain
0%
Rich GangPanties to the Side
0%
Black ThoughtsParty Girl
0%
No Introduction - The Series: April 10Photo
0%
No IntroductionPillow Talkin'
0%
No IntroductionPress 7
0%
Well Done 4Pressed
0%
Well DonePretty Boy Swag
0%
Well Done 2Pussy Talkin'
0%
Well Done 2Rack City Extra Clean
0%
Well Done 3Ratchets (Remix)
0%
Well Done 3Ready to F**k
0%
Fan of a FanRegular Girl
0%
Black Thoughts 2Reminded
0%
Furious 7: Original Motion Picture SoundtrackRide Out
0%
Well Done 3Riot
0%
We Are Young MoneyRoger That
0%
No Introduction - The Series: April 10Rotten Mind
0%
Outraged & UnderageSayin' This
0%
Black ThoughtsShades On
0%
LegendarySh*t I Like
0%
Young on ProbationSkinnie N***as Ride
0%
Outraged & UnderageSmoke Dro
0%
Well Done 2Snapbacks Back
0%
Slaughter HouseSo Sincere
0%
No Introduction - The Series: May 10thSpace Joyridin
0%
Well Done 3Splatter
0%
Outraged & UnderageStampede
0%
No Introduction - The Series: April 10Summer Girl
0%
No IntroductionSummertime
0%
No Introduction - The Series: April 10Supafly
0%
No IntroductionSupersize Me
0%
187Swimming Pools
0%
Slaughter HouseTattoos
0%
Well DoneTeach Me How to Freestyle
0%
Outraged & UnderageTest Tube Baby
0%
Outraged & UnderageTest Tube Baby Skit
0%
No Introduction - The Series: May 10thThe Ghetto
0%
Well Done 4The Letter
0%
Black ThoughtsThe Nausea
0%
Outraged & UnderageThe Window
0%
No Introduction - The Series: April 10They Know Freestyle
0%
No Introduction - The Series: May 10thThinking of You
0%
Well DoneToot It N Boot It
0%
Well Done 2T Raw
0%
Fuk Wat They Talkin BoutTuban$
0%
Outraged & UnderageTyga Outro
0%
No Introduction - The Series: April 10Tygas World
0%
Black ThoughtsTyga Tyga
0%
Well Done 4Versace
0%
Single #4We Don't Die
0%
Slaughter HouseWelcome to the Slaughter House
0%
Well DoneWell Done
0%
Well Done 2Well Done 2
0%
Fan of a FanWhat They Want
0%
Slaughter HouseWhat You Got (Remix)
0%
Well Done 4When to Stop
0%
Well DoneWho Dat
0%
We Are Young MoneyWife Beater
0%
Well DoneWonder Woman
0%
Well Done 4Word on Street
0%
Single #16Wow. (Remix)
0%
No IntroductionWoww
0%
Young on ProbationXclusive
0%
Well Done 2Yonkers
0%
187Young & Gettin It
0%
Young on ProbationYoung on Probation
0%

Score Distribution

Percentile by Number Answered

Percent of People with Each Score

Your Score History

You have not taken this quiz since the last reset